Sports Quiz

Random Sports or MLB Quiz

MLB Umpires (2014) Quiz Stats

 Plays Quiz not verified by Sporcle

Also try: MLB Umpires (2015)
Challenge
Share
Tweet
Embed
Score 0/73 Timer 10:00
0 Plays Today
# Name % Correct
55Angel Hernandez
86.3%
22Joe West
84.9%
66Jim Joyce
83.6%
63Laz Diaz
76.7%
61Bob Davidson
74%
12Gerry Davis
71.2%
54C.B. Bucknor
71.2%
80Adrian Johnson
71.2%
07Brian O'Nora
69.9%
21Hunter Wendelstedt
69.9%
05Dale Scott
68.5%
52Bill Welke
68.5%
03Tim Welke
67.1%
24Jerry Layne
67.1%
65Ted Barrett
67.1%
08Jeff Kellogg
65.8%
94Lance Barrett
65.8%
25Fieldin Culbreth
64.4%
64Alan Porter
64.4%
95Tim Timmons
64.4%
17John Hirschbeck
63%
41Jerry Meals
63%
72Alfonso Marquez
63%
26Bill Miller
61.6%
28Jim Wolf
61.6%
68Chris Guccione
61.6%
27Larry Vanover
60.3%
11Tony Randazzo
60.3%
53Greg Gibson
60.3%
02Dan Bellino
58.9%
04Chad Fairchild
58.9%
14Mark Wegner
58.9%
16Mike DiMuro
58.9%
32Dana DeMuth
58.9%
44Kerwin Danley
58.9%
45Jeff Nelson
58.9%
60Marty Foster
58.9%
# Name % Correct
01Bruce Dreckman
57.5%
33Mike Winters
57.5%
56Eric Cooper
57.5%
09Brian Gorman
56.2%
46Ron Kulpa
56.2%
50Paul Emmel
56.2%
87Scott Barry
56.2%
91Brian Knight
56.2%
43Paul Schrieber
54.8%
88Doug Eddings
53.4%
92James Hoye
53.4%
98Chris Conroy
53.4%
10Phil Cuzzi
52.1%
13Todd Tichenor
52.1%
19Vic Carapazza
52.1%
20Tom Hallion
52.1%
34Sam Holbrook
52.1%
38Gary Cederstrom
52.1%
51Marvin Hudson
52.1%
58Dan Iassogna
52.1%
70D.J. Reyburn
52.1%
76Mike Muchlinski
52.1%
79Manny Gonzalez
52.1%
77Jim Reynolds
50.7%
81Quinn Wolcott
50.7%
30Rob Drake
49.3%
06Mark Carlson
49.3%
83Mike Estabrook
49.3%
39Paul Nauert
47.9%
49Andy Fletcher
47.9%
57Mike Everitt
47.9%
71Jordan Baker
47.9%
23Lance Barksdale
43.8%
86David Rackley
43.8%
15Ed Hickox
42.5%
89Cory Blaser
37%

You're not logged in!

Compare scores with friends on all Sporcle quizzes.
Join for Free
OR
Log In

You Might Also Like...

Show Comments

Extras

Top Quizzes Today


Score Distribution

Your Account Isn't Verified!

In order to create a playlist on Sporcle, you need to verify the email address you used during registration. Go to your Sporcle Settings to finish the process.

Report this User

Report this user for behavior that violates our Community Guidelines.

Details: